| 000 | 00335nam a2200133Ia 4500 | ||
|---|---|---|---|
| 003 | OSt | ||
| 008 | 191201s2017 xx 000 0 und d | ||
| 100 | _aGUPTA, Anand Kumar | ||
| 245 | 0 | _aSonepat Ke Stan Namo Ka Vishlashan | |
| 260 |
_aN. Delhi _bHaryana Granth Academy _c2017 |
||
| 300 | _a165 | ||
| 650 | _aGeneral Books | ||
| 942 |
_2ddc _cBK |
||
| 999 |
_c230 _d230 |
||